Proceedings of the 6th International Conference on Recrystallization and Grain Growth (ReX&GG 2016)

This collection represents a cross-section of the papers presented at the 6th International Conference on Recrystallization and Grain Growth. The volume is divided into nine sections: • Grain growth theory and simulation • Recrystallization theory and simulation • Low carbon and IF steels • High str...

Full description

Bibliographic Details
Corporate Author: SpringerLink (Online service)
Other Authors: Holm, Elizabeth A. (Editor), Farjami, Susan (Editor), Manohar, Priyadarshan (Editor), Rohrer, Gregory S. (Editor), Rollett, Anthony D. (Editor), Srolovitz, David (Editor), Weiland, Hasso (Editor)
Format: Electronic eBook
Language:English
Published: Cham : Springer International Publishing : Imprint: Springer, 2016.
Subjects:
Online Access:Full Text via HEAL-Link
LEADER 02499nam a22005415i 4500
001 978-3-319-48770-0
003 DE-He213
005 20170303021151.0
007 cr nn 008mamaa
008 161122s2016 gw | s |||| 0|eng d
020 |a 9783319487700  |9 978-3-319-48770-0 
024 7 |a 10.1007/978-3-319-48770-0  |2 doi 
040 |d GrThAP 
050 4 |a TA404.6 
072 7 |a TGMT  |2 bicssc 
072 7 |a TEC021000  |2 bisacsh 
082 0 4 |a 620.11  |2 23 
245 1 0 |a Proceedings of the 6th International Conference on Recrystallization and Grain Growth (ReX&GG 2016)  |h [electronic resource] /  |c edited by Elizabeth A. Holm, Susan Farjami, Priyadarshan Manohar, Gregory S. Rohrer, Anthony D. Rollett, David Srolovitz, Hasso Weiland. 
264 1 |a Cham :  |b Springer International Publishing :  |b Imprint: Springer,  |c 2016. 
300 |a XVII, 313 p.  |b online resource. 
336 |a text  |b txt  |2 rdacontent 
337 |a computer  |b c  |2 rdamedia 
338 |a online resource  |b cr  |2 rdacarrier 
347 |a text file  |b PDF  |2 rda 
520 |a This collection represents a cross-section of the papers presented at the 6th International Conference on Recrystallization and Grain Growth. The volume is divided into nine sections: • Grain growth theory and simulation • Recrystallization theory and simulation • Low carbon and IF steels • High strength steels • Electrical steels • Stainless steels • Aluminum and magnesium alloys • Nickel and nickel based superalloys • Unconventional and advanced materials. 
650 0 |a Materials science. 
650 0 |a Engineering  |x Materials. 
650 0 |a Ceramics. 
650 0 |a Glass. 
650 0 |a Composites (Materials). 
650 0 |a Composite materials. 
650 1 4 |a Materials Science. 
650 2 4 |a Characterization and Evaluation of Materials. 
650 2 4 |a Ceramics, Glass, Composites, Natural Materials. 
650 2 4 |a Materials Engineering. 
700 1 |a Holm, Elizabeth A.  |e editor. 
700 1 |a Farjami, Susan.  |e editor. 
700 1 |a Manohar, Priyadarshan.  |e editor. 
700 1 |a Rohrer, Gregory S.  |e editor. 
700 1 |a Rollett, Anthony D.  |e editor. 
700 1 |a Srolovitz, David.  |e editor. 
700 1 |a Weiland, Hasso.  |e editor. 
710 2 |a SpringerLink (Online service) 
773 0 |t Springer eBooks 
776 0 8 |i Printed edition:  |z 9783319486260 
856 4 0 |u http://dx.doi.org/10.1007/978-3-319-48770-0  |z Full Text via HEAL-Link 
912 |a ZDB-2-CMS 
950 |a Chemistry and Materials Science (Springer-11644)